| 000 | 00382pab a2200157 454500 | ||
|---|---|---|---|
| 008 | 180718b xxu||||| |||| 00| 0 eng d | ||
| 100 | _aMishra, R.K | ||
| 245 | _aPassenger road transport in India: a case study | ||
| 650 | _a Transport | ||
| 650 | _a Passenger | ||
| 650 | _a Case Study | ||
| 650 | _aRoads - India | ||
| 700 | _aNandagopal, R | ||
| 773 | _aYojana | ||
| 909 | _a22380 | ||
| 999 |
_c22380 _d22380 |
||